00505nam a2200133Ia 4500008004100000100001300041245004700054260003300101300000900134650001200143942001200155999001100167952019300178191201s2006 xx 000 0 und d aKUMAR, R 0aBrilliant Mathematics Series Real Analysis aN. DelhibVardhman Pubc2006 aMISC aApplied 2ddccBK c79d79 00102ddc40708APPLIEDaPIETbPIETd2014-02-24eDonated by Parul Gupta MBAkDonated by Parul Gupta MBAl0o510 KUBp23029r2019-12-04 00:00:00w2014-02-21yBKzDonated by Parul Gupta MBA